5 Letter Word Chain - Statistics

General Stats
  • This quiz has been taken 64 times
  • The average score is 13 of 15
Answer Stats
Hint Answer % Correct
Opposite to old Young
98%
Planet we live on Earth
97%
Brother’s daughter Niece
97%
Wear on feet Shoes
97%
Yoghurt, milk, etc Dairy
95%
Vehicle on rails Train
95%
Not full Empty
94%
Main organ Heart
94%
52 weeks in them Years
92%
Ingredient in bread Yeast
86%
After being polished Shiny
78%
Massage, bread Knead
73%
Comes out of a lamp Genie
71%
Under these Socks
54%
Not eat Drink
37%
No matching quizzes found
Score Distribution
Percent of People with Each Score
Percentile by Number Answered
Your Score History
You have not taken this quiz